Statistics for Islamabad International Airport Destinations (Islamabad, Pakistan)

Click here to take the quiz!

General Stats

  • This quiz has been taken 36 times
  • The average score is 24 of 41

Answer Stats

AirlineDestination% Correct
Air China/Pakistan International AirlinesBeijing (Capital)
100%
airblue/Etihad Airways/Pakistan International AirlinesAbu Dhabi
97%
Iraqi AirwaysBaghdad
97%
Oman Air/Pakistan International AirlinesMuscat
97%
Azerbaijan Airlines/Pakistan International AirlinesBaku
93%
Pakistan International Airlines/Qatar AirwaysDoha
93%
airblue/Emirates/Pakistan International Airlines/Serene AirDubai (International)
93%
British AirwaysLondon (Heathrow)
93%
Thai Airways InternationalBangkok (Suvarnabhumi)
90%
Pakistan International Airlines/Turkish AirlinesIstanbul
90%
airblue/AirSial/Fly Jinnah/Pakistan International Airlines/Serene AirKarachi
90%
Ariana Afghan AirlinesKabul
86%
airblue/AirSial/Pakistan International Airlines/SaudiJeddah
83%
Pakistan International AirlinesLahore
83%
airblue/flynas/Pakistan International Airlines/SaudiRiyadh
83%
Pakistan International Airlines/Serene AirMedina
79%
Gulf AirBahrain
72%
Jazeera AirwaysKuwait City
72%
Pakistan International AirlinesDammam
69%
China Southern AirlinesGuangzhou
69%
airblue/Serene AirSharjah
59%
Pakistan International AirlinesKuala Lumpur (International)
52%
China Southern AirlinesUrumqi
52%
Pakistan International AirlinesChengdu (Tianfu)
48%
Pakistan International AirlinesMultan
45%
China Southern AirlinesWuhan
45%
Iraqi AirwaysNajaf
41%
Pakistan International Airlines/Serene AirQuetta
41%
Pakistan International AirlinesToronto (Pearson)
34%
Air ArabiaRas Al Khaimah
28%
Pakistan International AirlinesSkardu
28%
Pakistan International AirlinesSalalah
24%
Pakistan International AirlinesSialkot
24%
Pakistan International AirlinesBahawalpur
21%
Pakistan International AirlinesGilgit
21%
Pakistan International AirlinesTa'if
21%
Pakistan International AirlinesChitral
17%
Pakistan International AirlinesRahim Yar Khan
17%
Pakistan International AirlinesGassim
14%
Pakistan International AirlinesSukkur
14%
Pakistan International AirlinesSaidu Sharif
7%

Score Distribution

Percentile by Number Answered

Percent of People with Each Score

Your Score History

You have not taken this quiz